[Event "Rio Branco Acre GM"]
[Site "Rio Branco"]
[Date "2017.12.14"]
[Round "9"]
[White "Cruz, Ricardo Benares de"]
[Black "Delgado Ramirez, Neuris"]
[Result "1/2-1/2"]
[WhiteElo "2320"]
[BlackElo "2622"]
[PlyCount "74"]
[EventDate "2017.12.05"]
[EventType "tourn"]
[EventRounds "9"]
[EventCountry "BRA"]
[EventCategory "6"]
[SourceTitle "CBM 182 Extra"]
[Source "ChessBase"]
[SourceDate "2018.02.23"]
[SourceVersion "1"]
[SourceVersionDate "2018.02.23"]
[SourceQuality "1"]

1. c4 b6 2. b3 Bb7 3. Bb2 Nf6 4. Nf3 e6 5. g3 Bxf3 6. exf3 c5 7. d4 cxd4 8. Qxd4 Nc6 9. Qd3 Bb4+ 10. Nc3 0-0 11. Bg2 d5 12. 0-0 dxc4 13. Qxc4 Rc8 14. f4 Qd2 15. Rab1 Bc5 16. Ne4 Nxe4 17. Bxe4 Rfd8 18. Qc3 Qxc3 19. Bxc3 Ne7 20. Rbd1 Rxd1 21. Rxd1 f5 22. Bf3 Bxf2+ 23. Kxf2 Rxc3 24. Rd7 Rc2+ 25. Kg1 Kf7 26. Rxa7 Kf6 27. Rb7 Rxa2 28. Rxb6 h6 29. h4 Rb2 30. b4 g5 31. fxg5+ hxg5 32. hxg5+ Kxg5 33. Rxe6 Ng6 34. Bc6 Rxb4 35. Be8 Nf8 36. Re7 Rb6 37. Rg7+ Ng6 1/2-1/2

[Event "Rio Branco Acre GM"]
[Site "Rio Branco"]
[Date "2017.12.13"]
[Round "7"]
[White "Cori Quispe, Kevin Joel"]
[Black "Cruz, Ricardo Benares de"]
[Result "1/2-1/2"]
[WhiteElo "2444"]
[BlackElo "2320"]
[PlyCount "20"]
[EventDate "2017.12.05"]
[EventType "tourn"]
[EventRounds "9"]
[EventCountry "BRA"]
[EventCategory "6"]
[SourceTitle "CBM 182 Extra"]
[Source "ChessBase"]
[SourceDate "2018.02.23"]
[SourceVersion "1"]
[SourceVersionDate "2018.02.23"]
[SourceQuality "1"]

1. e4 c5 2. Nf3 Nc6 3. Bb5 g6 4. Bxc6 bxc6 5. 0-0 Bg7 6. Re1 Nh6 7. h3 0-0 8. d3 f5 9. e5 Nf7 10. Nbd2 d6 1/2-1/2

[Event "Rio Branco Acre op"]
[Site "Rio Branco"]
[Date "2017.12.10"]
[Round "6"]
[White "Felix, Raimundo Nascimento"]
[Black "Cruz, Ricardo Benares de"]
[Result "0-1"]
[WhiteElo "1883"]
[BlackElo "2320"]
[PlyCount "44"]
[EventDate "2017.12.07"]
[EventType "swiss"]
[EventRounds "7"]
[EventCountry "BRA"]
[SourceTitle "CBM 182 Extra"]
[Source "ChessBase"]
[SourceDate "2018.02.23"]
[SourceVersion "1"]
[SourceVersionDate "2018.02.23"]
[SourceQuality "1"]

1. e4 c5 2. Nc3 Nc6 3. Bb5 e6 4. Nge2 Nd4 5. Nxd4 cxd4 6. Ne2 Nf6 7. Ng3 h5 8. h4 Bd6 9. Qf3 Qc7 10. Bd3 Be5 11. b3 b6 12. Bb2 Bb7 13. Rh3 d5 14. Qe2 a6 15. a4 g6 16. Kf1 dxe4 17. Nxe4 Nxe4 18. Bxe4 d3 19. Rxd3 Bxb2 20. Rb1 Bg7 21. Re1 Bxe4 22. Qxe4 0-0 0-1

[Event "Rio Branco Acre op"]
[Site "Rio Branco"]
[Date "2017.12.09"]
[Round "4"]
[White "Carneiro, Marcos Venicios F"]
[Black "Cruz, Ricardo Benares de"]
[Result "0-1"]
[WhiteElo "2010"]
[BlackElo "2320"]
[PlyCount "50"]
[EventDate "2017.12.07"]
[EventType "swiss"]
[EventRounds "7"]
[EventCountry "BRA"]
[SourceTitle "CBM 182 Extra"]
[Source "ChessBase"]
[SourceDate "2018.02.23"]
[SourceVersion "1"]
[SourceVersionDate "2018.02.23"]
[SourceQuality "1"]

1. e4 c5 2. c3 Nf6 3. e5 Nd5 4. d4 cxd4 5. cxd4 e6 6. Nc3 Nc6 7. Nge2 d6 8. Nxd5 exd5 9. Nc3 dxe5 10. dxe5 d4 11. Ne2 Qa5+ 12. Bd2 Qxe5 13. Qb3 a5 14. a3 Bc5 15. Qg3 Bf5 16. Rc1 b6 17. b4 axb4 18. axb4 Qe6 19. Qxg7 Ne5 20. Qxh8+ Bf8 21. Rc6 Nd3+ 22. Kd1 Qxc6 23. Nc1 Qa4+ 24. Ke2 Nxc1+ 25. Bxc1 Qc2+ 0-1

[Event "Rio Branco Acre op"]
[Site "Rio Branco"]
[Date "2017.12.08"]
[Round "3"]
[White "Cruz, Ricardo Benares de"]
[Black "Cubas, Jose Fernando"]
[Result "0-1"]
[WhiteElo "2320"]
[BlackElo "2473"]
[PlyCount "58"]
[EventDate "2017.12.07"]
[EventType "swiss"]
[EventRounds "7"]
[EventCountry "BRA"]
[SourceTitle "CBM 182 Extra"]
[Source "ChessBase"]
[SourceDate "2018.02.23"]
[SourceVersion "1"]
[SourceVersionDate "2018.02.23"]
[SourceQuality "1"]

1. e4 c5 2. Nf3 d6 3. d4 cxd4 4. Nxd4 Nf6 5. Nc3 g6 6. Be3 Bg7 7. f3 Nc6 8. Qd2 0-0 9. Bc4 Bd7 10. 0-0-0 Rc8 11. Bb3 Ne5 12. Kb1 Re8 13. Rhf1 a6 14. h3 Nc4 15. Qe2 b5 16. f4 Qc7 17. Bc1 b4 18. Nd5 Nxd5 19. exd5 Qc5 20. Qd3 Qxd5 21. f5 Qc5 22. fxg6 hxg6 23. h4 Bg4 24. Nf3 Bf5 25. Qe2 e6 26. Rh1 Na5 27. g4 Bxg4 28. h5 Nxb3 29. axb3 Bxf3 0-1

[Event "Rio Branco Acre GM"]
[Site "Rio Branco"]
[Date "2017.12.06"]
[Round "3"]
[White "Molina, Roberto Junio Brito"]
[Black "Cruz, Ricardo Benares de"]
[Result "0-1"]
[WhiteElo "2453"]
[BlackElo "2320"]
[PlyCount "112"]
[EventDate "2017.12.05"]
[EventType "tourn"]
[EventRounds "9"]
[EventCountry "BRA"]
[EventCategory "6"]
[SourceTitle "CBM 182 Extra"]
[Source "ChessBase"]
[SourceDate "2018.02.23"]
[SourceVersion "1"]
[SourceVersionDate "2018.02.23"]
[SourceQuality "1"]

1. e4 c5 2. Nf3 e6 3. d4 cxd4 4. Nxd4 a6 5. Bd3 Qb6 6. Nb3 Qc7 7. 0-0 Nf6 8. Qe2 d6 9. Nc3 Be7 10. f4 Nc6 11. Bd2 0-0 12. Kh1 b5 13. a4 b4 14. Nd1 d5 15. e5 Ne4 16. Be3 a5 17. Nf2 Nxf2+ 18. Rxf2 Nb8 19. Bd4 Ba6 20. f5 exf5 21. Rxf5 Bxd3 22. cxd3 Nc6 23. e6 fxe6 24. Qxe6+ Kh8 25. Bg1 Rxf5 26. Qxf5 Qe5 27. Qd7 Qd6 28. Qxd6 Bxd6 29. Bb6 Kg8 30. d4 Ra6 31. Bc5 Bxc5 32. dxc5 Ra8 33. Kg1 Re8 34. Kf2 Kf7 35. Rd1 Re5 36. g3 Ke6 37. h4 h6 38. Rd3 Re4 39. Rf3 Nd4 40. Nxd4+ Rxd4 41. b3 Rd1 42. Ke3 Ke5 43. g4 d4+ 44. Ke2 Rc1 45. Kd2 Rxc5 46. Rf7 g6 47. h5 gxh5 48. gxh5 Ke4 49. Rf6 Rxh5 50. Re6+ Kd5 51. Ra6 Rh2+ 52. Ke1 d3 53. Rxa5+ Kd4 54. Ra6 Kc3 55. Rc6+ Kxb3 56. a5 Ra2 0-1

[Event "Belem FEXPA"]
[Site "Belem"]
[Date "2017.07.04"]
[Round "7"]
[White "Cruz, Ricardo Benares de"]
[Black "Chauca, Jose Luis Murga"]
[Result "1-0"]
[WhiteElo "2312"]
[BlackElo "2050"]
[PlyCount "85"]
[EventDate "2017.07.01"]
[EventType "tourn"]
[EventRounds "9"]
[EventCountry "BRA"]
[SourceTitle "CBM 179 Extra"]
[Source "ChessBase"]
[SourceDate "2017.08.23"]
[SourceVersion "1"]
[SourceVersionDate "2017.08.23"]
[SourceQuality "1"]

1. e4 c5 2. Nf3 e6 3. d4 cxd4 4. Nxd4 a6 5. Bd3 Qc7 6. Qe2 d6 7. 0-0 Be7 8. c4 Nf6 9. Nc3 Nc6 10. Nf3 0-0 11. h3 b6 12. Be3 Ne5 13. Nxe5 dxe5 14. Rab1 Bc5 15. Bg5 Nd7 16. Qg4 Kh8 17. b4 Bd6 18. Rfc1 Re8 19. Be3 Qd8 20. Na4 Bc7 21. Qe2 a5 22. Qb2 axb4 23. Qxb4 Rb8 24. Qc3 Ba6 25. c5 Bxd3 26. Qxd3 Nxc5 27. Nxc5 bxc5 28. Rxb8 Qxb8 29. Qd7 Kg8 30. Rxc5 Bd6 31. Rb5 Qd8 32. Rb7 Qxd7 33. Rxd7 Bf8 34. Kf1 f6 35. Ke2 Ra8 36. Ra7 Rb8 37. a4 h5 38. a5 Rb2+ 39. Kd3 Ra2 40. a6 f5 41. Ra8 Kf7 42. a7 f4 43. Bb6 1-0

[Event "Belem FEXPA"]
[Site "Belem"]
[Date "2017.07.03"]
[Round "4"]
[White "Rodi, Luis Ernesto"]
[Black "Cruz, Ricardo Benares de"]
[Result "1-0"]
[WhiteElo "2304"]
[BlackElo "2312"]
[PlyCount "71"]
[EventDate "2017.07.01"]
[EventType "tourn"]
[EventRounds "9"]
[EventCountry "BRA"]
[SourceTitle "CBM 179 Extra"]
[Source "ChessBase"]
[SourceDate "2017.08.23"]
[SourceVersion "1"]
[SourceVersionDate "2017.08.23"]
[SourceQuality "1"]

1. e4 c5 2. Nf3 Nc6 3. Bb5 g6 4. Bxc6 dxc6 5. d3 Bg7 6. h3 Nf6 7. Nc3 Nd7 8. Be3 e5 9. Qd2 h6 10. 0-0-0 Qe7 11. Nh2 Nf8 12. f4 exf4 13. Bxf4 Ne6 14. Be3 a5 15. Na4 Ra6 16. Qf2 Bd4 17. Nf3 Qd6 18. Rhf1 Rh7 19. Nc3 Bxc3 20. bxc3 c4 21. d4 b5 22. d5 Qa3+ 23. Kd2 cxd5 24. exd5 Rd6 25. Ke2 Qxc3 26. dxe6 Qxc2+ 27. Rd2 Rxd2+ 28. Nxd2 Qd3+ 29. Ke1 Bxe6 30. Qf4 f5 31. Qb8+ Kf7 32. Bc5 g5 33. Nf3 Qe4+ 34. Kf2 g4 35. hxg4 Rg7 36. Ne5+ 1-0

[Event "Belem FEXPA"]
[Site "Belem"]
[Date "2017.07.02"]
[Round "3"]
[White "Perdomo, Leandro Daniel"]
[Black "Cruz, Ricardo Benares de"]
[Result "1/2-1/2"]
[WhiteElo "2466"]
[BlackElo "2312"]
[PlyCount "29"]
[EventDate "2017.07.01"]
[EventType "tourn"]
[EventRounds "9"]
[EventCountry "BRA"]
[SourceTitle "CBM 179 Extra"]
[Source "ChessBase"]
[SourceDate "2017.08.23"]
[SourceVersion "1"]
[SourceVersionDate "2017.08.23"]
[SourceQuality "1"]

1. d4 d5 2. c4 c6 3. Nf3 Nf6 4. e3 g6 5. Nc3 Bg7 6. Be2 0-0 7. 0-0 Bg4 8. cxd5 cxd5 9. Qb3 Bc8 10. Ne5 e6 11. Bd2 Nfd7 12. Nxd7 Bxd7 13. Na4 b6 14. Rac1 Nc6 15. Rc2 1/2-1/2

[Event "Manaus zt 2.4"]
[Site "Manaus"]
[Date "2013.05.02"]
[Round "8"]
[White "Cruz, Ricardo Benares de"]
[Black "Quintiliano Pinto, Renato Rodrigues"]
[Result "0-1"]
[WhiteElo "2309"]
[BlackElo "2315"]
[PlyCount "64"]
[EventDate "2013.04.27"]
[EventType "swiss"]
[EventRounds "9"]
[EventCountry "BRA"]
[SourceTitle "CBM 154 Extra"]
[Source "ChessBase"]
[SourceDate "2013.06.25"]
[SourceVersion "2"]
[SourceVersionDate "2013.06.25"]
[SourceQuality "1"]

1. c4 c5 2. Nf3 Nc6 3. Nc3 g6 4. e3 Nf6 5. d4 cxd4 6. exd4 d5 7. cxd5 Nxd5 8. Qb3 Nxc3 9. Bc4 Nd5 10. Bxd5 e6 11. Bxc6+ bxc6 12. 0-0 f6 13. Bf4 Qd5 14. Rfc1 g5 15. Be3 Bd6 16. Ne1 Rb8 17. Qd1 0-0 18. Nd3 Rd8 19. Qh5 Bd7 20. Nc5 Be8 21. Qg4 Bf7 22. Ne4 Be7 23. Rc5 Qd7 24. Qh3 Bg6 25. Nxf6+ Bxf6 26. Bxg5 Bxd4 27. Bxd8 Bxc5 28. Bf6 Qf7 29. Bc3 Qxf2+ 30. Kh1 Qf7 31. Qg3 Rf8 32. h3 Qf1+ 0-1

[Event "Manaus zt 2.4"]
[Site "Manaus"]
[Date "2013.04.30"]
[Round "5"]
[White "De Souza, Rafael Cabral"]
[Black "Cruz, Ricardo Benares de"]
[Result "0-1"]
[WhiteElo "2170"]
[BlackElo "2309"]
[PlyCount "96"]
[EventDate "2013.04.27"]
[EventType "swiss"]
[EventRounds "9"]
[EventCountry "BRA"]
[SourceTitle "CBM 154 Extra"]
[Source "ChessBase"]
[SourceDate "2013.06.25"]
[SourceVersion "2"]
[SourceVersionDate "2013.06.25"]
[SourceQuality "1"]

1. e4 e5 2. Nf3 Nc6 3. Bb5 Nf6 4. 0-0 Nxe4 5. Re1 Nd6 6. Bxc6 dxc6 7. Nxe5 Be7 8. b3 0-0 9. Bb2 Bf6 10. d4 Nf5 11. Qd3 Re8 12. Nd2 Bxe5 13. Rxe5 Rxe5 14. dxe5 Qxd3 15. cxd3 Be6 16. Nf3 a5 17. Kf1 Rd8 18. Ke2 h5 19. g3 c5 20. Rc1 Rd5 21. d4 Nxd4+ 22. Nxd4 cxd4 23. Rxc7 Rxe5+ 24. Kd2 Bg4 25. Bxd4 Re2+ 26. Kc1 b5 27. Rc2 Re4 28. Be3 a4 29. Rc5 axb3 30. axb3 Rb4 31. Kc2 Be6 32. Rc3 h4 33. Bc5 Rg4 34. Be7 h3 35. b4 Bc4 36. Re3 Rd4 37. Bc5 Rd8 38. Be7 Ra8 39. Kb1 Ra2 40. Bc5 Rd2 41. Kc1 Ra2 42. Kb1 Ra8 43. Kb2 Be6 44. Re5 Bc4 45. Bd4 f6 46. Re7 Ra2+ 47. Kb1 Rd2 48. Re4 Bd3+ 0-1

[Event "Manaus zt 2.4"]
[Site "Manaus"]
[Date "2013.04.29"]
[Round "4"]
[White "Cruz, Ricardo Benares de"]
[Black "Barata, Adriano Albiani"]
[Result "1-0"]
[WhiteElo "2309"]
[BlackElo "2147"]
[PlyCount "83"]
[EventDate "2013.04.27"]
[EventType "swiss"]
[EventRounds "9"]
[EventCountry "BRA"]
[SourceTitle "CBM 154 Extra"]
[Source "ChessBase"]
[SourceDate "2013.06.25"]
[SourceVersion "2"]
[SourceVersionDate "2013.06.25"]
[SourceQuality "1"]

1. d4 Nf6 2. c4 e6 3. Nf3 b6 4. g3 Ba6 5. b3 Bb4+ 6. Bd2 Be7 7. Bg2 d5 8. Ne5 0-0 9. 0-0 c6 10. Bf4 Nfd7 11. Nxd7 Nxd7 12. Nd2 Bf6 13. Nf3 dxc4 14. bxc4 Bxc4 15. Nd2 Bb5 16. a4 Ba6 17. Ne4 Be7 18. Rc1 Nb8 19. h4 Bb7 20. h5 Na6 21. Qb3 Nb4 22. h6 g6 23. Be5 a5 24. Bg7 Re8 25. Rfd1 Rc8 26. Qb2 Nd5 27. Nc5 Ba8 28. Nd3 Bf6 29. Bxf6 Qxf6 30. e4 Nb4 31. Nxb4 axb4 32. Qxb4 Qd8 33. d5 c5 34. Qb2 e5 35. Bf1 Qd6 36. Bb5 Red8 37. f4 f6 38. Rf1 Rc7 39. fxe5 Qxe5 40. Qxe5 fxe5 41. Rf6 Rf7 42. Rcf1 1-0

[Event "Manaus zt 2.4"]
[Site "Manaus"]
[Date "2013.04.28"]
[Round "3"]
[White "Leitao, Rafael Duailibe"]
[Black "Cruz, Ricardo Benares de"]
[Result "1-0"]
[WhiteElo "2618"]
[BlackElo "2309"]
[PlyCount "77"]
[EventDate "2013.04.27"]
[EventType "swiss"]
[EventRounds "9"]
[EventCountry "BRA"]
[SourceTitle "CBM 154 Extra"]
[Source "ChessBase"]
[SourceDate "2013.06.25"]
[SourceVersion "2"]
[SourceVersionDate "2013.06.25"]
[SourceQuality "1"]

1. d4 d5 2. c4 c6 3. Nf3 Nf6 4. e3 g6 5. Nc3 Bg7 6. h3 0-0 7. Be2 c5 8. 0-0 cxd4 9. exd4 dxc4 10. Bxc4 a6 11. a3 b5 12. Ba2 Bb7 13. Ne5 Nc6 14. Nxc6 Bxc6 15. d5 Bb7 16. Bf4 Rc8 17. Be5 Qd7 18. Qd4 Rfd8 19. Rad1 Ne8 20. Rfe1 Bxe5 21. Rxe5 Nd6 22. Rde1 Re8 23. Qh4 Rc7 24. Qh6 Nf5 25. Qf4 Nd6 26. R1e3 Rc4 27. Qf3 a5 28. Qe2 Rc7 29. b4 axb4 30. axb4 Nf5 31. Rd3 Rec8 32. Ne4 Rc2 33. Rd2 Rxd2 34. Qxd2 Qc7 35. d6 exd6 36. Nf6+ Kh8 37. Re1 Qc3 38. Re8+ Kg7 39. Nh5+ 1-0

[Event "Cuiaba op"]
[Site "Cuiaba"]
[Date "2011.10.23"]
[Round "5"]
[White "Mareco, Sandro"]
[Black "Cruz, Ricardo Benares de"]
[Result "1-0"]
[WhiteElo "2597"]
[BlackElo "2312"]
[PlyCount "55"]
[EventDate "2011.10.21"]
[EventType "swiss"]
[EventRounds "6"]
[EventCountry "BRA"]
[SourceTitle "EXT 2013"]
[Source "ChessBase"]
[SourceDate "2012.11.22"]
[SourceVersion "1"]
[SourceVersionDate "2012.11.22"]
[SourceQuality "1"]

1. d4 d5 2. c4 e6 3. Nf3 Nf6 4. g3 dxc4 5. Bg2 a6 6. 0-0 Nc6 7. Bg5 Be7 8. e3 Rb8 9. Qc1 b5 10. b3 Na5 11. Nbd2 h6 12. Bxf6 Bxf6 13. bxc4 c5 14. cxb5 cxd4 15. Ne4 Be7 16. Nxd4 axb5 17. Rd1 Qb6 18. Nxb5 Qxb5 19. Qc7 Qb6 20. Rd8+ Bxd8 21. Nd6+ Qxd6 22. Qxd6 Rb6 23. Qc5 Bd7 24. Rd1 Nb7 25. Qd4 Ba4 26. Qxg7 Bxd1 27. Qxh8+ Kd7 28. Bxb7 1-0

[Event "BRA-ch"]
[Site "Rio de Janeiro"]
[Date "2004.03.03"]
[Round "9"]
[White "Cruz, Ricardo Benares de"]
[Black "Miranda, Roberto Calheiros J"]
[Result "1-0"]
[WhiteElo "2298"]
[BlackElo "2213"]
[PlyCount "79"]
[EventDate "2004.02.26"]
[EventType "swiss"]
[EventRounds "9"]
[EventCountry "BRA"]
[SourceTitle "CBM 099 Extra"]
[Source "ChessBase"]
[SourceDate "2004.05.04"]
[SourceVersion "1"]
[SourceVersionDate "2004.05.04"]
[SourceQuality "1"]

1. e4 c5 2. Nf3 d6 3. c3 Nf6 4. Be2 g6 5. 0-0 Nc6 6. d4 cxd4 7. cxd4 Bg7 8. d5 Nb8 9. Nc3 0-0 10. Nd4 Nbd7 11. Be3 a6 12. a4 Qa5 13. Qb1 Ne5 14. h3 Qb4 15. a5 Nxe4 16. Nxe4 Nc4 17. Bxc4 Qxc4 18. Nc3 Bd7 19. Rd1 Qc8 20. Qd3 Qd8 21. Nf3 Bf5 22. Qd2 Qd7 23. Nd4 Bxh3 24. gxh3 Qxh3 25. Qe2 Be5 26. Nf3 Qg4+ 27. Kf1 Qh3+ 28. Ke1 Rac8 29. Nxe5 dxe5 30. Qf1 Qg4 31. Ra4 Qd7 32. Rc4 f5 33. Rxc8 Rxc8 34. Bb6 Qc6 35. Qe2 e4 36. Nxe4 fxe4 37. Qxe4 Kf8 38. Be3 Rd8 39. Bh6+ Ke8 40. Qd4 1-0

[Event "BRA-ch"]
[Site "Rio de Janeiro"]
[Date "2004.03.01"]
[Round "7"]
[White "Silveira Filho, Neri da Silva"]
[Black "Cruz, Ricardo Benares de"]
[Result "0-1"]
[WhiteElo "2229"]
[BlackElo "2298"]
[PlyCount "78"]
[EventDate "2004.02.26"]
[EventType "swiss"]
[EventRounds "9"]
[EventCountry "BRA"]
[SourceTitle "CBM 099 Extra"]
[Source "ChessBase"]
[SourceDate "2004.05.04"]
[SourceVersion "1"]
[SourceVersionDate "2004.05.04"]
[SourceQuality "1"]

1. e4 c5 2. Nc3 Nc6 3. f4 g6 4. Nf3 Bg7 5. Bc4 e6 6. 0-0 Nge7 7. e5 d5 8. Bb5 0-0 9. d4 cxd4 10. Nxd4 Nxd4 11. Qxd4 f6 12. exf6 Bxf6 13. Qd3 a6 14. Ba4 b5 15. Bb3 b4 16. Ne2 a5 17. a4 Ba6 18. Qf3 Nf5 19. Re1 Bxe2 20. Qxe2 Bd4+ 21. Kh1 Qh4 22. Qxe6+ Kg7 23. Be3 Nxe3 24. Rxe3 Bxe3 25. Qxe3 Qxf4 26. Qd3 d4 27. Bd5 Rae8 28. h3 Re5 29. Bc6 Qe3 30. Qc4 Qf2 31. Kh2 Re2 32. c3 Rf4 33. cxb4 Re3 34. Bd7 Qg3+ 35. Kg1 Re1+ 36. Rxe1 Qxe1+ 37. Kh2 Rf1 38. Qxd4+ Kh6 39. g4 Qe2+ 0-1

[Event "BRA-ch"]
[Site "Rio de Janeiro"]
[Date "2004.02.29"]
[Round "5"]
[White "Chang, Suzana"]
[Black "Cruz, Ricardo Benares de"]
[Result "1-0"]
[WhiteElo "2075"]
[BlackElo "2298"]
[PlyCount "91"]
[EventDate "2004.02.26"]
[EventType "swiss"]
[EventRounds "9"]
[EventCountry "BRA"]
[SourceTitle "CBM 099 Extra"]
[Source "ChessBase"]
[SourceDate "2004.05.04"]
[SourceVersion "1"]
[SourceVersionDate "2004.05.04"]
[SourceQuality "1"]

1. c4 e5 2. Nc3 Bb4 3. a3 Bxc3 4. bxc3 Nf6 5. d4 d6 6. e3 0-0 7. Nf3 e4 8. Nd2 c5 9. Be2 Re8 10. 0-0 Qa5 11. Nb3 Qc7 12. a4 Be6 13. Ba3 Nbd7 14. Nd2 Nf8 15. f4 exf3 16. Bxf3 Bd7 17. Qe1 Qa5 18. dxc5 dxc5 19. Nb3 Qxa4 20. Nxc5 Qxc4 21. Nxb7 Ng6 22. Nd6 Qc7 23. c4 Bc6 24. Nxe8 Rxe8 25. Bb2 Ne4 26. Bd4 Ra8 27. Qa5 Qe7 28. Qf5 a6 29. Rxa6 Rxa6 30. Qc8+ Qe8 31. Qxa6 Nh4 32. Qa5 f6 33. Qc7 Nxf3+ 34. Rxf3 Ng5 35. Rf2 Qe4 36. Qc8+ Kf7 37. Qf5 Qh4 38. Bxf6 Nh3+ 39. Qxh3 Qxh3 40. gxh3 gxf6 41. Rf4 h5 42. Kf2 Ke6 43. Rd4 Ke5 44. Kg3 Bb7 45. c5 Bc6 46. Kh4 1-0

[Event "Sao Paulo Communic 5th"]
[Site "Sao Paulo"]
[Date "2004.02.13"]
[Round "2"]
[White "Cruz, Ricardo Benares de"]
[Black "Abreu Delgado, Aryam"]
[Result "0-1"]
[WhiteElo "2298"]
[BlackElo "2424"]
[PlyCount "90"]
[EventDate "2004.02.12"]
[EventType "tourn"]
[EventRounds "9"]
[EventCountry "BRA"]
[EventCategory "5"]
[SourceTitle "CBM 098 Extra"]
[Source "ChessBase"]
[SourceDate "2004.03.10"]
[SourceVersion "2"]
[SourceVersionDate "2004.03.10"]
[SourceQuality "1"]

1. d4 d5 2. c4 c6 3. cxd5 cxd5 4. Nf3 Nf6 5. Nc3 Nc6 6. Bf4 Bf5 7. e3 e6 8. Bd3 Bxd3 9. Qxd3 Be7 10. h3 0-0 11. 0-0 a6 12. a3 Na5 13. Nd2 Rc8 14. b3 Rc6 15. Rfc1 Qd7 16. b4 Nc4 17. Nb3 b6 18. Bg5 Rfc8 19. Bxf6 Bxf6 20. b5 axb5 21. Nxb5 Be7 22. a4 g6 23. Qe2 Ra8 24. Rc2 Bb4 25. Nc1 Rcc8 26. Nd3 Bf8 27. Raa2 Ra5 28. Nb2 Nxb2 29. Rxc8 Qxc8 30. Qxb2 Qc4 31. Qa1 Kg7 32. g3 h5 33. h4 Ra8 34. Kg2 Rc8 35. Na7 Ra8 36. Nb5 Be7 37. Nc3 Bb4 38. Nb5 Be7 39. Nc3 Rc8 40. Nb5 Qd3 41. Qf1 Qe4+ 42. Kg1 g5 43. hxg5 h4 44. gxh4 Qg4+ 45. Kh2 Rh8 0-1

[Event "Sao Paulo Communic 4th"]
[Site "Sao Paulo"]
[Date "2004.??.??"]
[Round "6"]
[White "Cruz, Ricardo Benares de"]
[Black "Vera, I Jorge"]
[Result "1/2-1/2"]
[WhiteElo "2298"]
[BlackElo "2338"]
[PlyCount "98"]
[EventDate "2004.02.04"]
[EventType "tourn"]
[EventRounds "9"]
[EventCountry "BRA"]
[EventCategory "4"]
[SourceTitle "CBM 098 Extra"]
[Source "ChessBase"]
[SourceDate "2004.03.10"]
[SourceVersion "2"]
[SourceVersionDate "2004.03.10"]
[SourceQuality "1"]

1. e4 c5 2. Nc3 Nc6 3. g3 g6 4. Bg2 Bg7 5. d3 d6 6. f4 e6 7. Nf3 Nge7 8. 0-0 0-0 9. Bd2 Rb8 10. Rb1 b5 11. a3 a5 12. a4 b4 13. Nb5 Ba6 14. c4 d5 15. Qe2 dxc4 16. dxc4 Bxb5 17. axb5 Nd4 18. Nxd4 Bxd4+ 19. Be3 Qb6 20. Rbd1 f5 21. g4 Rbd8 22. exf5 gxf5 23. Rd3 fxg4 24. Bxd4 Rxd4 25. Rxd4 cxd4 26. Qe5 Rf5 27. c5 Rxe5 28. cxb6 Rxb5 29. b7 d3 30. Rd1 Nd5 31. f5 Rxb7 32. fxe6 Rb5 33. Rxd3 Ne7 34. Rd7 Kf8 35. Ra7 Re5 36. Kf2 Rxe6 37. Rxa5 Rd6 38. Ke3 Re6+ 39. Kd3 Rh6 40. Rg5 Rh4 41. Be4 h6 42. Rb5 Rh3+ 43. Kd4 b3 44. Ke5 Rxh2 45. Rxb3 Rf2 46. Rb6 g3 47. Rf6+ Ke8 48. Rxf2 gxf2 49. Bd3 Kd7 1/2-1/2

[Event "Sao Paulo Communic 4th"]
[Site "Sao Paulo"]
[Date "2004.??.??"]
[Round "3"]
[White "Rodriguez Vila, Andres"]
[Black "Cruz, Ricardo Benares de"]
[Result "1-0"]
[WhiteElo "2485"]
[BlackElo "2298"]
[PlyCount "76"]
[EventDate "2004.02.04"]
[EventType "tourn"]
[EventRounds "9"]
[EventCountry "BRA"]
[EventCategory "4"]
[SourceTitle "CBM 098 Extra"]
[Source "ChessBase"]
[SourceDate "2004.03.10"]
[SourceVersion "2"]
[SourceVersionDate "2004.03.10"]
[SourceQuality "1"]

1. e4 e5 2. Nf3 Nc6 3. Bc4 Bc5 4. c3 Nf6 5. d3 a6 6. Bb3 Ba7 7. h3 d6 8. Nbd2 h6 9. Nf1 Be6 10. Ng3 0-0 11. 0-0 Ne7 12. Re1 Ng6 13. d4 Re8 14. Bc2 Nh7 15. Nf5 Ng5 16. Nxg5 hxg5 17. dxe5 dxe5 18. Qxd8 Raxd8 19. Bxg5 f6 20. Be3 Bxe3 21. Nxe3 Rd2 22. Red1 Red8 23. Bb3 Bxb3 24. axb3 Kf7 25. g3 Nf8 26. b4 Ne6 27. Rxd2 Rxd2 28. Nc4 Rc2 29. h4 g5 30. h5 g4 31. Ne3 Rxb2 32. Rd1 Ng5 33. Nxg4 Ke7 34. h6 c5 35. bxc5 a5 36. Kg2 a4 37. Ra1 Kf7 38. Rxa4 Kg6 1-0

[Event "Sao Paulo Communic 1st"]
[Site "Sao Paulo"]
[Date "2002.10.15"]
[Round "9"]
[White "Rosa, Jose Antonio"]
[Black "Cruz, Ricardo Benares de"]
[Result "0-1"]
[WhiteElo "2130"]
[BlackElo "2305"]
[PlyCount "118"]
[EventDate "2002.10.07"]
[EventType "tourn"]
[EventRounds "9"]
[EventCountry "BRA"]
[EventCategory "3"]
[SourceTitle "EXT 2012"]
[Source "ChessBase"]
[SourceDate "2011.11.24"]
[SourceVersion "1"]
[SourceVersionDate "2011.11.24"]
[SourceQuality "1"]

1. e4 c5 2. c3 Nf6 3. e5 Nd5 4. d4 cxd4 5. Qxd4 e6 6. Bc4 Nc6 7. Qe4 f5 8. Qe2 Nde7 9. Nf3 Ng6 10. 0-0 Qc7 11. Re1 Be7 12. Nbd2 0-0 13. Bb3 b6 14. Nf1 Bb7 15. h3 Rac8 16. N1h2 Ncxe5 17. Nxe5 Nxe5 18. Bf4 Qc6 19. f3 Nc4 20. Rad1 b5 21. Nf1 Bh4 22. Bxc4 Qxc4 23. Qxc4 Rxc4 24. Bg3 Bxg3 25. Nxg3 Bd5 26. Nf1 f4 27. Nd2 Ra4 28. a3 Rc8 29. Kf2 Kf7 30. Ne4 Rc6 31. h4 h6 32. Rd3 Raa6 33. Rd4 Rc4 34. Red1 Rac6 35. Rxc4 bxc4 36. Ke2 Rb6 37. Rd2 Ke7 38. Nf2 Rb5 39. Kd1 Bc6 40. Nh3 e5 41. Re2 Kf6 42. Nf2 Kg6 43. Ng4 d6 44. Kc1 Kh5 45. Rd2 Rd5 46. Nh2 Kxh4 47. Nf1 Rxd2 48. Kxd2 g5 49. Ke2 g4 50. Kf2 g3+ 51. Kg1 Kg5 52. Nd2 d5 53. b3 Bb5 54. a4 Ba6 55. b4 h5 56. b5 Bb7 57. a5 h4 58. Kf1 Kf5 59. Ke2 Ke6 0-1

[Event "Sao Paulo Communic 1st"]
[Site "Sao Paulo"]
[Date "2002.10.12"]
[Round "6"]
[White "Coelho, Luis Henrique"]
[Black "Cruz, Ricardo Benares de"]
[Result "1/2-1/2"]
[WhiteElo "2370"]
[BlackElo "2305"]
[PlyCount "39"]
[EventDate "2002.10.07"]
[EventType "tourn"]
[EventRounds "9"]
[EventCountry "BRA"]
[EventCategory "3"]
[SourceTitle "EXT 2012"]
[Source "ChessBase"]
[SourceDate "2011.11.24"]
[SourceVersion "1"]
[SourceVersionDate "2011.11.24"]
[SourceQuality "1"]

1. e4 c5 2. Nf3 d6 3. d4 cxd4 4. Nxd4 Nf6 5. Nc3 a6 6. Rg1 Nc6 7. g4 Nxd4 8. Qxd4 e5 9. Qa4+ Bd7 10. Qb3 b5 11. g5 Be6 12. gxf6 Bxb3 13. axb3 gxf6 14. Nd5 Qc8 15. Bd2 Qxc2 16. Nxf6+ Ke7 17. Nd5+ Ke8 18. Nf6+ Ke7 19. Nd5+ Ke8 20. Nf6+ 1/2-1/2